| 000 | 00518nam a2200145Ia 4500 | ||
|---|---|---|---|
| 008 | 231221s9999 xx 000 0 und d | ||
| 020 | _a978-1-84800-021-6 | ||
| 041 | _aEnglish | ||
| 100 | _aTan Kok Kiong, Lee Tong Heng, Huang Sunan | ||
| 245 | 0 | _aPrecision Motion Control | |
| 260 |
_c2008 _bSpringer London _aNew York |
||
| 440 | _aAdvances in Industrial Control | ||
| 650 | _aManufacturing, Machines, Tools; Vibration, Dynamical Systems, Control; Electronics and Microelectronics, Instrumentation | ||
| 942 | _cEB | ||
| 999 |
_c227292 _d227292 |
||